Statistics for Countries containing a Q, X or Z in their name

Click here to take the quiz!

General Stats

  • This quiz has been taken 1,957 times
    (1,699 since last reset)
  • The average score is 13 of 20

Answer Stats

Country% Correct
Zambia
97%
Zimbabwe
97%
Qatar
96%
Mozambique
81%
Mexico
78%
Azerbaijan
75%
Uzbekistan
69%
Kazakhstan
66%
Kyrgyzstan
64%
Luxembourg
64%
Equatorial Guinea
60%
New Zealand
58%
Iraq
57%
Tanzania
57%
Venezuela
57%
Belize
55%
Brazil
53%
Switzerland
52%
Czech Republic
51%
Bosnia and Herzegovina
47%

Score Distribution

Percentile by Number Answered

Percent of People with Each Score

Your Score History

You have not taken this quiz since the last reset